| 000 | 00770cam a2200265 4500 | ||
|---|---|---|---|
| 008 | 000000n2001 000 0 eng u | ||
| 020 | _a1860814573 | ||
| 035 | _a(Sirsi) u111436 | ||
| 041 | _aENG | ||
| 050 | _a658.2 | ||
| 100 | _aBrownhill, Deborah | ||
| 110 | _aBuilding Research Establishment | ||
| 245 | _aEnvironmental benchmarking for property portfolio managers. | ||
| 260 |
_aLondon _bCRC Ltd _c2001 |
||
| 300 | _a8p. ; 30cm. | ||
| 490 |
_aBRE Information Paper _v1/01 |
||
| 650 | _aENVIRONMENTAL BENCHMARKING | ||
| 650 |
_aProperty management _96262 |
||
| 650 | _aPROPERTY-COMMERCIAL PROPERTY | ||
| 650 | _aBREEAM | ||
| 650 | _aENVIRONMENTAL PERFORMANCE | ||
| 690 | _aMANAGEMENT-FACILITIES MANAGEMENT | ||
| 700 | _aYates, Alan | ||
| 942 | _n0 | ||
| 999 |
_c101247 _d101247 |
||